[Event "La Pobla de Lillet op-B"]
[Site "La Pobla de Lillet"]
[Date "2022.08.04"]
[Round "3"]
[White "Duro Salgado, Francisco"]
[Black "Segui Blanes, Gerard"]
[Result "1/2-1/2"]
[WhiteElo "1621"]
[BlackElo "1516"]
[PlyCount "45"]
[EventDate "2022.08.02"]
[EventType "swiss"]
[EventRounds "9"]
[EventCountry "ESP"]
[SourceTitle "CBM 209 Extra"]
[Source "ChessBase"]
[SourceDate "2022.09.30"]
[SourceVersion "1"]
[SourceVersionDate "2022.09.30"]
[SourceQuality "1"]

1. d4 Nf6 2. Bf4 g6 3. e3 Bg7 4. Nd2 d6 5. Ngf3 0-0 6. h3 Nbd7 7. c3 Re8 8. Be2 e5 9. dxe5 Nxe5 10. 0-0 Bd7 11. Nb3 Bc6 12. Bxe5 dxe5 13. Qxd8 Raxd8 14. Rad1 Ne4 15. Rxd8 Rxd8 16. Rd1 Rxd1+ 17. Bxd1 f6 18. Nfd2 Bf8 19. Kf1 b6 20. Nxe4 Bxe4 21. Nd2 Bd5 22. a3 Kf7 23. g3 1/2-1/2

[Event "Foment Martinenc op-C 18th"]
[Site "Barcelona"]
[Date "2016.05.07"]
[Round "3"]
[White "Quiles Morte, Daniel"]
[Black "Segui Blanes, Gerard"]
[Result "0-1"]
[WhiteElo "1483"]
[BlackElo "1728"]
[PlyCount "108"]
[EventDate "2016.04.23"]
[EventType "swiss"]
[EventRounds "9"]
[EventCountry "ESP"]
[SourceTitle "EXT 2017"]
[Source "ChessBase"]
[SourceDate "2016.10.25"]
[SourceVersion "1"]
[SourceVersionDate "2016.10.25"]
[SourceQuality "1"]

1. e4 c5 2. Nf3 d6 3. Bb5+ Bd7 4. Bxd7+ Nxd7 5. 0-0 Ngf6 6. d3 g6 7. Nc3 Bg7 8. Re1 0-0 9. Ng5 Ne5 10. f4 Nc6 11. Be3 Qb6 12. Rb1 Rfe8 13. Qf3 e5 14. Qh3 h6 15. fxe5 Nxe5 16. Nf3 Neg4 17. Nh4 Nxe3 18. Qxe3 Ng4 19. Qg3 Bd4+ 20. Kh1 Nf2+ 21. Kg1 Nxe4+ 22. Qe3 Bxe3+ 23. Rxe3 c4 24. Nd5 Qd4 25. dxe4 Rxe4 26. Nf6+ Kg7 27. Nxe4 Qxe3+ 28. Nf2 Re8 29. Nf3 g5 30. h3 h5 31. Re1 Qxe1+ 32. Nxe1 Rxe1+ 33. Kh2 Re2 34. Nd1 Rxc2 35. Ne3 Rxb2 36. Nxc4 Rxa2 37. Nxd6 b6 38. Kg3 Rd2 39. Nc4 Rd3+ 40. Kf2 b5 41. Ne5 Rd5 42. Nc6 a6 43. Ke3 f5 44. g3 Rc5 45. Nd4 Re5+ 46. Kd3 Rd5 47. Kc3 Rxd4 48. Kxd4 a5 49. Kc3 b4+ 50. Kb3 Kf6 51. Ka4 Ke5 52. Kxa5 b3 53. Kb4 b2 54. Kc3 b1Q 0-1

[Event "Foment Martinenc op-C 18th"]
[Site "Barcelona"]
[Date "2016.04.23"]
[Round "1"]
[White "Segui Blanes, Gerard"]
[Black "Orts Gonzalez, Rafael"]
[Result "1-0"]
[WhiteElo "1728"]
[BlackElo "1526"]
[PlyCount "73"]
[EventDate "2016.04.23"]
[EventType "swiss"]
[EventRounds "9"]
[EventCountry "ESP"]
[SourceTitle "EXT 2017"]
[Source "ChessBase"]
[SourceDate "2016.10.25"]
[SourceVersion "1"]
[SourceVersionDate "2016.10.25"]
[SourceQuality "1"]

1. e4 e5 2. Nf3 d6 3. Bc4 h6 4. Nc3 Bd7 5. h3 Nc6 6. d4 a6 7. Be3 Na5 8. Be2 Be7 9. dxe5 dxe5 10. Nxe5 Nf6 11. 0-0 Bd6 12. Nf3 Bc6 13. Qd4 Qe7 14. Bd3 0-0-0 15. Nd5 Bxd5 16. exd5 Nxd5 17. Rfe1 Nc6 18. Qg4+ Kb8 19. Ba7+ Nxa7 20. Rxe7 Bxe7 21. Ne5 Nf6 22. Qxg7 Rh7 23. Bxh7 Bd6 24. Qxf6 Bxe5 25. Qxd8+ Nc8 26. Bf5 c6 27. Qxc8+ Ka7 28. Re1 Bd6 29. Qd7 Bc5 30. Be4 Kb6 31. a3 f5 32. b4 Bxb4 33. axb4 fxe4 34. c4 Ka7 35. c5 e3 36. Rxe3 a5 37. Re7 1-0